Graduate record examination. (Record no. 179535)

000 -LEADER
fixed length control field 00822 a2200229 4500
003 - CONTROL NUMBER IDENTIFIER
control field Nust
005 - DATE AND TIME OF LATEST TRANSACTION
control field 20260427112304.0
010 ## - LIBRARY OF CONGRESS CONTROL NUMBER
LC control number 87026023
020 ## - INTERNATIONAL STANDARD BOOK NUMBER
International Standard Book Number 0133635651 (pbk.) :
040 ## - CATALOGING SOURCE
Transcribing agency Nust
082 00 - DEWEY DECIMAL CLASSIFICATION NUMBER
Classification number 004,BEN
100 2# - MAIN ENTRY--PERSONAL NAME
Personal name Ben-Avi, Stephen S.
9 (RLIN) 94313
245 10 - TITLE STATEMENT
Title Graduate record examination.
Name of part/section of a work GRE Computer science /
Statement of responsibility, etc. Stephen S. Ben-Avi and Yusuf Efe.
260 ## - PUBLICATION, DISTRIBUTION, ETC.
Place of publication, distribution, etc. New York :
Name of publisher, distributor, etc. Arco :
-- Distributed by Prentice Hall Trade,
Date of publication, distribution, etc. c1988.
300 ## - PHYSICAL DESCRIPTION
Extent vii, 162 p. :
Other physical details ill. ;
Dimensions 28 cm.
505 ## - FORMATTED CONTENTS NOTE
Formatted contents note Part One: About the Examination (Page-3), Part Two: Two Full-Length Practice Computer Science Examinations (page-11).
650 #0 - SUBJECT ADDED ENTRY--TOPICAL TERM
Topical term or geographic name entry element Computer science
General subdivision Examinations.
9 (RLIN) 94314
700 1# - ADDED ENTRY--PERSONAL NAME
Personal name Efe, Yusuf.
9 (RLIN) 94315
740 0# - ADDED ENTRY--UNCONTROLLED RELATED/ANALYTICAL TITLE
Uncontrolled related/analytical title Arco's GRE computer science.
740 0# - ADDED ENTRY--UNCONTROLLED RELATED/ANALYTICAL TITLE
Uncontrolled related/analytical title Computer science.
942 ## - ADDED ENTRY ELEMENTS (KOHA)
Source of classification or shelving scheme
Koha item type Book
Call number prefix 004,BEN
Holdings
Withdrawn status Lost status Source of classification or shelving scheme Damaged status Not for loan Permanent Location Current Location Shelving location Date acquired Full call number Barcode Date last seen Price effective from Koha item type Public note
          Military College of Signals (MCS) Military College of Signals (MCS) General Stacks 12/12/2016 004,BEN MCS483 12/08/2016 12/12/2016 Book Almirah No 1, Shelf No 4
          Military College of Signals (MCS) Military College of Signals (MCS) General Stacks 07/21/2022 004,BEN MCS481 07/21/2022 07/21/2022 Book Almirah No 1, Shelf No 3
© 2023 Central Library, National University of Sciences and Technology. All Rights Reserved.